Cesión de posición contractual.

Furkejuvvon:
Bibliográfalaš dieđut
Váldodahkki: Carrer, Mario (autor)
Materiálatiipa: Girji
Giella:espánnjágiella
Almmustuhtton: Córdoba, República Argentina: Academia Nacional de Derecho y Ciencias Sociales de Córdoba, 2000.
Ráidu:Ediciones Academia Nacional de Derecho y Ciencias Sociales de Córdoba, XIX.
Fáttát:
Fáddágilkorat: Lasit fáddágilkoriid
Eai fáddágilkorat, Lasit vuosttaš fáddágilkora!

MARC

LEADER 00000nam a2200000 a 4500
001 UCO9940
003 CL-VaPUC
005 20230427141811.0
008 010316e20000000AG |||||||||||||||||spa|d
999 |c 293953  |d 293951 
040 |c Pontificia Universidad Católica de Valparaíso 
082 0 4 |a 346.022 CAR 2000  |2 21 
100 0 |a Carrer, Mario  |e autor  |9 455175 
245 1 0 |a Cesión de posición contractual.  
260 |a Córdoba, República Argentina:   |b Academia Nacional de Derecho y Ciencias Sociales de Córdoba,  |c 2000.  
300 |a 184 páginas.  
490 0 |a Ediciones Academia Nacional de Derecho y Ciencias Sociales de Córdoba, XIX.  
500 |a c.2 Donación Familia Prof. Alejandro Guzmán Brito. 
583 |a last modification  |c 20010316 00:00:00  |k Rodrigo Vera 
586 |a Dalmacio Vélez Sársfield. Tesis sobresalientes.  
650 0 |a Cesión de contratos  |9 344928 
650 0 |a Contratos sucesivos  |2 CL-VaPUC  |9 455176 
650 0 |a Nulidad de los contratos   |9 356193 
942 |c BK  |2 ddc  |n 0 
945 |d 20010316 00:00:00  |a vberengu 
952 |0 0  |1 0  |4 0  |6 346_022000000000000_CAR_2000  |7 0  |8 A  |9 345758  |a BIBDER  |b BIBDER  |d 2019-11-20  |i 3649369  |o 346.022 CAR 2000  |p 3649369  |r 2023-01-25  |w 2019-11-20  |y BK  |k DER